|
|
|
|
| LEADER |
01745cas a2200241 a 4500 |
| 001 |
AALejournalIMF006909 |
| 008 |
230101c9999 xx r poo 0 0eng d |
| 020 |
|
|
|c 5.00 USD
|
| 020 |
|
|
|z 9781455212774
|
| 022 |
|
|
|a 1934-7685
|
| 040 |
|
|
|a BD-DhAAL
|c BD-DhAAL
|
| 110 |
2 |
|
|a International Monetary Fund.
|
| 245 |
1 |
0 |
|a South Africa :
|b Report on the Observance of Standards and Codes on Banking Supervision, Insurance Supervision, and Securities' Regulation.
|
| 264 |
|
1 |
|a Washington, D.C. :
|b International Monetary Fund,
|c 2010.
|
| 300 |
|
|
|a 1 online resource (44 pages)
|
| 490 |
1 |
|
|a IMF Staff Country Reports
|
| 500 |
|
|
|a <strong>Off-Campus Access:</strong> No User ID or Password Required
|
| 500 |
|
|
|a <strong>On-Campus Access:</strong> No User ID or Password Required
|
| 506 |
|
|
|a Electronic access restricted to authorized BRAC University faculty, staff and students
|
| 520 |
3 |
|
|a In South Africa, long-term insurers experienced some strains during the financial crisis, but there were no crisis-related failures. The capital markets suffered sharp declines but no systemic failures. The three standards assessments have found the regulatory system fundamentally sound. The National Treasury has authority to set and oversee national regulatory policy. Banking supervision is effective and has contributed to reducing the impact on the financial sector of the global financial crisis. Insurance regulation is sound and while the assessment identifies areas for development, these are being addressed.
|
| 538 |
|
|
|a Mode of access: Internet
|
| 830 |
|
0 |
|a IMF Staff Country Reports; Country Report ;
|v No. 2010/352
|
| 856 |
4 |
0 |
|z Full text available on IMF
|u http://elibrary.imf.org/view/journals/002/2010/352/002.2010.issue-352-en.xml
|z IMF e-Library
|